[Event "Titled Tue 27th May Late"]
[Site "chess.com INT"]
[Date "2025.05.27"]
[Round "6"]
[White "Provaznik, Michal"]
[Black "Altini, Nicola"]
[Result "0-1"]
[WhiteTitle "CM"]
[BlackTitle "IM"]
[WhiteElo "2050"]
[BlackElo "2357"]
[WhiteFideId "315273"]
[BlackFideId "833924"]
[EventDate "2025.05.27"]

1. e4 c5 2. c3 g6 3. d4 Bg7 4. Nf3 cxd4 5. cxd4 d5 6. e5 a6 7. h3 Nc6 8. Nc3 f6
9. Qb3 e6 10. exf6 Nxf6 11. Bg5 O-O 12. Bd3 h6 13. Bh4 g5 14. Bg3 Nh5 15. O-O
Rxf3 16. gxf3 Nxd4 17. Qd1 e5 18. Bg6 Nxg3 19. fxg3 Bxh3 20. Rf2 Be6 21. Rc1 Qf6
22. Bb1 Rf8 23. Qd3 e4 24. Nxe4 dxe4 25. Qxe4 Bf5 26. Qd5+ Kh8 27. Bxf5 Nxf5 28.
Kh2 Nxg3 29. Kxg3 Qf4+ 30. Kg2 Qxc1 0-1

[Event "Titled Tue 27th May Late"]
[Site "chess.com INT"]
[Date "2025.05.27"]
[Round "6"]
[White "Alizadeh, Mohammad Mahdi"]
[Black "Romero Ruscalleda, Josep"]
[Result "0-1"]
[WhiteTitle "CM"]
[BlackTitle "FM"]
[WhiteElo "2015"]
[BlackElo "2110"]
[WhiteFideId "22598820"]
[BlackFideId "2231859"]
[EventDate "2025.05.27"]

1. Nf3 g6 2. c4 Bg7 3. g3 d6 4. d4 Nc6 5. Nc3 Bf5 6. Bg2 Nf6 7. O-O Ne4 8. Nh4
Nxc3 9. bxc3 Bd7 10. f4 O-O 11. f5 Bxf5 12. Nxf5 gxf5 13. Rxf5 e6 14. Rf1 f5 15.
Qd3 Qd7 16. e4 Rae8 17. exf5 Rxf5 18. Rxf5 exf5 19. Bf4 Ne7 20. Rf1 Ng6 21. Bd2
Rf8 22. Bh3 Ne7 23. Bg5 Bf6 24. Bh6 Rf7 25. Bxf5 Nxf5 26. Qxf5 Qxf5 27. Rxf5
Bxd4+ 28. cxd4 Rxf5 29. Bd2 Kf7 30. Kg2 h5 31. h3 Ke6 32. g4 hxg4 33. hxg4 Rf8
34. Be3 Kf6 35. Kg3 Kg6 36. Bf4 Re8 37. Kf2 Re4 0-1

[Event "Titled Tue 27th May Late"]
[Site "chess.com INT"]
[Date "2025.05.27"]
[Round "6"]
[White "Caruana, Fabiano"]
[Black "Mei, Austin"]
[Result "1-0"]
[WhiteTitle "GM"]
[BlackTitle "FM"]
[WhiteElo "2776"]
[BlackElo "2280"]
[WhiteFideId "2020009"]
[BlackFideId "30948479"]
[EventDate "2025.05.27"]

1. b4 e5 2. Bb2 Bxb4 3. Bxe5 Nf6 4. Nf3 Nc6 5. Bb2 O-O 6. e3 Re8 7. Be2 b6 8.
O-O Bb7 9. c4 Bd6 10. d4 Ne7 11. Nbd2 Nf5 12. Bd3 Ne4 13. Nxe4 Bxe4 14. Bxe4
Rxe4 15. Qd3 Qe7 16. Ne5 Rxe5 17. dxe5 Bxe5 18. Bxe5 Qxe5 19. Qxd7 h5 20. Qd5
Qxd5 21. cxd5 Kf8 22. Rac1 Rc8 23. e4 Nd4 24. Rfe1 Ke7 25. f4 Kd6 26. Kf2 f5 27.
Red1 Nb5 28. e5+ Ke7 29. a4 1-0

[Event "Titled Tue 27th May Late"]
[Site "chess.com INT"]
[Date "2025.05.27"]
[Round "6"]
[White "Bluebaum, Matthias"]
[Black "Puzyrevsky, Semyon"]
[Result "1-0"]
[WhiteTitle "GM"]
[BlackTitle "FM"]
[WhiteElo "2660"]
[BlackElo "2253"]
[WhiteFideId "24651516"]
[BlackFideId "24240931"]
[EventDate "2025.05.27"]

1. d4 Nf6 2. c4 e6 3. Nc3 Bb4 4. e3 O-O 5. Bd2 c5 6. a3 Bxc3 7. Bxc3 cxd4 8.
Qxd4 b6 9. Rd1 Bb7 10. Nf3 Nc6 11. Qh4 h6 12. Bd3 Nh7 13. Qg3 Ng5 14. h4 Nxf3+
15. gxf3 f6 16. Rg1 Rf7 17. Qg6 1-0

[Event "Titled Tue 27th May Late"]
[Site "chess.com INT"]
[Date "2025.05.27"]
[Round "6"]
[White "Ozcan, Kaan"]
[Black "Piesik, Piotr"]
[Result "0-1"]
[WhiteTitle "FM"]
[BlackTitle "IM"]
[WhiteElo "2230"]
[BlackElo "2436"]
[WhiteFideId "34566422"]
[BlackFideId "1136194"]
[EventDate "2025.05.27"]

1. d4 d5 2. c4 c6 3. Nc3 Nf6 4. Nf3 dxc4 5. a4 Bf5 6. e3 e6 7. Bxc4 Bb4 8. O-O
O-O 9. Qe2 Nbd7 10. Rd1 Qa5 11. Bd2 Rad8 12. e4 Bg6 13. e5 Nd5 14. Bxd5 cxd5 15.
Nb5 Rc8 16. Nh4 Bc2 17. Bxb4 Qxb4 18. Rdc1 Bxa4 19. Nxa7 Rxc1+ 20. Rxc1 Qxd4 21.
Nf3 Qxa7 0-1

[Event "Titled Tue 27th May Late"]
[Site "chess.com INT"]
[Date "2025.05.27"]
[Round "6"]
[White "Miranda Camus, Joaquin Ignacio"]
[Black "Dubnevych, Maksym"]
[Result "0-1"]
[WhiteTitle "FM"]
[BlackTitle "FM"]
[WhiteElo "2196"]
[BlackElo "2292"]
[WhiteFideId "3449300"]
[BlackFideId "14184001"]
[EventDate "2025.05.27"]

1. d4 d5 2. Nf3 Nf6 3. c3 e6 4. Bf4 c5 5. e3 Nc6 6. Nbd2 Nh5 7. Be5 f6 8. Ng5
fxe5 9. Qxh5+ g6 10. Qg4 exd4 11. exd4 e5 12. Qg3 cxd4 13. Bb5 Bd6 14. cxd4 e4
15. Qe3 O-O 16. Bxc6 bxc6 17. Nh3 Qa5 18. Qc3 Bb4 19. Qe3 Bxh3 20. gxh3 Rf3 21.
Qe2 Raf8 22. Rf1 Rd3 23. O-O-O Qxa2 24. Nb1 Qc4+ 25. Qc2 Rxd1+ 26. Rxd1 Qxc2+
27. Kxc2 Rxf2+ 28. Kb3 a5 29. Nc3 Rxh2 30. Na4 Rxh3+ 31. Ka2 Rh2 32. Rc1 e3 0-1

[Event "Titled Tue 27th May Late"]
[Site "chess.com INT"]
[Date "2025.05.27"]
[Round "6"]
[White "Silva, Pedro Gil Ferreira Da"]
[Black "Yang, Daniel"]
[Result "0-1"]
[WhiteTitle "FM"]
[BlackTitle "CM"]
[WhiteElo "2262"]
[BlackElo "2213"]
[WhiteFideId "1946102"]
[BlackFideId "30976340"]
[EventDate "2025.05.27"]

1. e4 c5 2. Nf3 d6 3. d4 cxd4 4. Nxd4 Nf6 5. Nc3 a6 6. Bg5 e6 7. f4 Qb6 8. Qd2
Be7 9. O-O-O Nc6 10. Nxc6 bxc6 11. e5 dxe5 12. fxe5 Nd5 13. Bxe7 Nxe7 14. Ne4
O-O 15. Bd3 Nd5 16. Kb1 c5 17. Ng5 h6 18. Ne4 Rb8 19. c3 c4 20. Be2 Ne3 21. Rdg1
Rd8 22. Qc1 Bb7 23. Nd2 Bxg2 24. Rxg2 Nxg2 25. Rg1 Rxd2 26. Rxg2 Rxb2+ 0-1

[Event "Titled Tue 27th May Late"]
[Site "chess.com INT"]
[Date "2025.05.27"]
[Round "6"]
[White "Schulz, Michael1"]
[Black "Leinov, Roman"]
[Result "0-1"]
[WhiteTitle "FM"]
[BlackTitle "CM"]
[WhiteElo "2069"]
[BlackElo "2120"]
[WhiteFideId "4616731"]
[BlackFideId "13504649"]
[EventDate "2025.05.27"]

1. d4 Nf6 2. Bg5 e6 3. Nd2 d5 4. e3 Be7 5. Bd3 h6 6. Bh4 c5 7. c3 b6 8. Ngf3 O-O
9. Ne5 Bb7 10. f4 a5 11. Qf3 Nfd7 12. Bxe7 Qxe7 13. O-O Nxe5 14. fxe5 Nd7 15.
Qh5 f5 16. exf6 Nxf6 17. Qg6 e5 18. Bf5 e4 19. Rf4 Bc8 20. Raf1 cxd4 21. cxd4
Bxf5 22. Rxf5 Rac8 23. R1f2 Rc2 24. Nf1 Rxf2 25. Rxf2 Rc8 26. h3 Rc1 27. Kh2 Qf7
28. Qf5 Qh5 29. Qe6+ Kh7 30. Ng3 Qg5 31. Rf5 Qxe3 32. Rxf6 Qg1# 0-1

[Event "Titled Tue 27th May Late"]
[Site "chess.com INT"]
[Date "2025.05.27"]
[Round "6"]
[White "Vakhidov, Jakhongir"]
[Black "Lisenkov, Svyatoslav"]
[Result "1-0"]
[WhiteTitle "GM"]
[BlackTitle "CM"]
[WhiteElo "2546"]
[BlackElo "2241"]
[WhiteFideId "14201801"]
[BlackFideId "34264183"]
[EventDate "2025.05.27"]

1. c4 Nf6 2. g3 g6 3. Bg2 Bg7 4. Nc3 O-O 5. d4 d6 6. Nf3 Nc6 7. d5 Na5 8. b3 c5
9. Bb2 a6 10. O-O b5 11. cxb5 axb5 12. Nxb5 Ba6 13. a4 Bxb5 14. axb5 Qb6 15. Qd3
Rfb8 16. Ra3 Nb7 17. Rfa1 Rxa3 18. Rxa3 Nd8 19. e4 Ne8 20. Bxg7 Kxg7 21. Bf1 Nc7
22. Qc3+ f6 23. b4 Nxb5 24. Bxb5 Qxb5 25. bxc5 Qxc5 26. Qxc5 dxc5 27. Ra7 Kf8
28. e5 Rb3 29. Kg2 Rd3 30. d6 exd6 31. exf6 Ne6 32. Re7 Rxf3 33. Kxf3 Nd4+ 34.
Ke4 Nf5 35. Rxh7 c4 36. Rc7 1-0

[Event "Titled Tue 27th May Late"]
[Site "chess.com INT"]
[Date "2025.05.27"]
[Round "6"]
[White "Steinberg, Nitzan"]
[Black "Vykouk, Jan"]
[Result "1-0"]
[WhiteTitle "GM"]
[BlackTitle "IM"]
[WhiteElo "2554"]
[BlackElo "2496"]
[WhiteFideId "2801795"]
[BlackFideId "349658"]
[EventDate "2025.05.27"]

1. d4 Nf6 2. Nf3 g6 3. c4 Bg7 4. g3 O-O 5. Bg2 d6 6. O-O c6 7. Nc3 a6 8. b3 Nfd7
9. Bb2 e5 10. dxe5 dxe5 11. Ba3 Re8 12. Ne4 Qa5 13. Qc1 Nf8 14. Nd6 Rd8 15. Ng5
f6 16. Ngf7 Rd7 17. Bh3 Rxf7 18. Bxc8 Rc7 19. Nxb7 Qb6 20. Bc5 Qxb7 21. Bxb7
Rxb7 22. Rd1 Ne6 23. Qa3 a5 24. Bd6 Nd7 25. Rd2 f5 26. Rad1 Bh6 27. e3 Ng5 28.
Kg2 Ne4 29. Rd3 c5 30. Qa4 Rc8 31. Qxa5 Bg7 32. Qa6 Rb4 33. Qxc8+ 1-0

[Event "Titled Tue 27th May Late"]
[Site "chess.com INT"]
[Date "2025.05.27"]
[Round "6"]
[White "Khlebovich, Alexander"]
[Black "Morris-Suzuki, Alan H"]
[Result "1-0"]
[WhiteTitle "IM"]
[WhiteElo "2423"]
[BlackElo "1986"]
[WhiteFideId "4169123"]
[BlackFideId "30933218"]
[EventDate "2025.05.27"]

1. d4 g6 2. c4 Bg7 3. Nc3 d6 4. Nf3 Nc6 5. d5 Ne5 6. g3 Nxf3+ 7. exf3 e5 8. Bg2
f5 9. f4 e4 10. f3 exf3 11. Bxf3 Nf6 12. Qe2+ Kf7 13. O-O h5 14. Be3 Ng4 15. Qd3
Nxe3 16. Qxe3 Re8 17. Qd3 c5 18. dxc6 bxc6 19. Rae1 Be6 20. b3 Qa5 21. Na4 d5
22. cxd5 Bxd5 23. Bxd5+ cxd5 24. Rd1 Rad8 25. Rf2 Re1+ 26. Rf1 Re4 27. Rc1 Bd4+
28. Kh1 Rde8 29. Nc5 Rd8 30. Nxe4 fxe4 31. Qxd4 1-0

[Event "Titled Tue 27th May Late"]
[Site "chess.com INT"]
[Date "2025.05.27"]
[Round "6"]
[White "Winkels, Marcel"]
[Black "Averchenko, Sergej"]
[Result "0-1"]
[WhiteTitle "CM"]
[BlackTitle "FM"]
[WhiteElo "1918"]
[BlackElo "2164"]
[WhiteFideId "1003887"]
[BlackFideId "4131533"]
[EventDate "2025.05.27"]

1. e4 c5 2. Nf3 d6 3. d4 cxd4 4. Nxd4 Nf6 5. Nc3 a6 6. g4 Bxg4 7. f3 Bc8 8. Rg1
e5 9. Nb3 Be6 10. Be3 Nbd7 11. Qd2 Rc8 12. O-O-O Nb6 13. Qf2 Nfd7 14. h4 Rxc3
15. bxc3 Qc7 16. Qd2 Na4 17. c4 Bxc4 18. Qb4 b5 19. Bxc4 d5 20. Qd2 bxc4 21.
Qxd5 Ba3+ 22. Kd2 cxb3 23. axb3 Bb4+ 24. Ke2 Nc3+ 0-1

[Event "Titled Tue 27th May Late"]
[Site "chess.com INT"]
[Date "2025.05.27"]
[Round "6"]
[White "Bortnyk, Olexandr"]
[Black "Haussernot, Cecile"]
[Result "1-0"]
[WhiteTitle "GM"]
[BlackTitle "WIM"]
[WhiteElo "2601"]
[BlackElo "2108"]
[WhiteFideId "14120828"]
[BlackFideId "601632"]
[EventDate "2025.05.27"]

1. d4 d5 2. Nc3 Nf6 3. Bf4 e6 4. Nb5 Na6 5. e3 Be7 6. Nf3 O-O 7. Ne5 c6 8. Nc3
Nc7 9. Bd3 c5 10. dxc5 Bxc5 11. Qf3 Nd7 12. Qh3 f5 13. O-O-O Nxe5 14. Bxe5 Bd6
15. Bxd6 Qxd6 16. g4 b5 17. Rhg1 b4 18. Ne2 Ba6 19. gxf5 Bxd3 20. Rxd3 Rxf5 21.
f4 Qa6 22. Kb1 Nb5 23. e4 Rf7 24. exd5 exd5 25. Rxd5 Qb6 26. Qb3 Raf8 27. Rd7
Qf2 28. Qc4 a6 29. Rgd1 Qb6 30. f5 h6 31. Nf4 a5 32. Ng6 Kh7 33. Rxf7 Rxf7 34.
Qxf7 1-0

[Event "Titled Tue 27th May Late"]
[Site "chess.com INT"]
[Date "2025.05.27"]
[Round "6"]
[White "Brooks, Paul"]
[Black "Schexnaydre, Benson"]
[Result "0-1"]
[WhiteTitle "CM"]
[WhiteElo "1908"]
[BlackElo "2103"]
[WhiteFideId "7400616"]
[BlackFideId "30935547"]
[EventDate "2025.05.27"]

1. d4 d6 2. Bf4 g6 3. e4 Bg7 4. Nc3 a6 5. Qd2 b5 6. Nf3 Bb7 7. Bd3 c5 8. dxc5
dxc5 9. Nd5 Bxd5 10. exd5 Bxb2 11. O-O Bxa1 12. Rxa1 Nf6 13. d6 O-O 14. dxe7
Qxe7 15. Re1 Qd8 16. Bg5 c4 17. Qf4 Nbd7 18. Be4 Rb8 0-1

[Event "Titled Tue 27th May Late"]
[Site "chess.com INT"]
[Date "2025.05.27"]
[Round "6"]
[White "Fomevor, Cephas Clinton"]
[Black "Calvo Gonzalez, Jose Felix"]
[Result "0-1"]
[WhiteTitle "CM"]
[BlackTitle "CM"]
[WhiteElo "1883"]
[BlackElo "2168"]
[WhiteFideId "12601330"]
[BlackFideId "54505615"]
[EventDate "2025.05.27"]

1. d4 Nf6 2. c4 g6 3. Nc3 d5 4. Nf3 Bg7 5. Bg5 Ne4 6. Bh4 Nxc3 7. bxc3 c5 8. e3
O-O 9. Be2 dxc4 10. Bxc4 Qa5 11. Qb3 Nc6 12. O-O Qc7 13. Qd1 Bg4 14. h3 Bxf3 15.
Qxf3 cxd4 16. Bg3 Be5 17. exd4 Nxd4 18. Bxf7+ Rxf7 19. Qxf7+ Kxf7 20. Bxe5 Ne2+ 0-1

[Event "Titled Tue 27th May Late"]
[Site "chess.com INT"]
[Date "2025.05.27"]
[Round "6"]
[White "Kukhmazov, Arsen"]
[Black "Toncheva, Nadya"]
[Result "1-0"]
[WhiteTitle "IM"]
[BlackTitle "FM"]
[WhiteElo "2467"]
[BlackElo "2332"]
[WhiteFideId "24108260"]
[BlackFideId "2924056"]
[EventDate "2025.05.27"]

1. e4 c5 2. Nf3 Nc6 3. Bb5 e6 4. O-O Nge7 5. Re1 Nd4 6. Bf1 d5 7. exd5 Nxd5 8.
Nc3 Be7 9. Nxd4 cxd4 10. Bb5+ Bd7 11. Nxd5 Bxb5 12. Nxe7 Qxe7 13. d3 O-O 14. Qg4
Rfd8 15. Bg5 f6 16. Rxe6 Qf7 17. Bxf6 Bd7 18. Bxd8 Rxd8 19. Rae1 Rf8 20. R1e2 h5
21. Qe4 Bxe6 22. Qxe6 Qxe6 23. Rxe6 Rc8 24. Re2 Kf7 25. f4 Kf6 26. Kf2 1-0

[Event "Titled Tue 27th May Late"]
[Site "chess.com INT"]
[Date "2025.05.27"]
[Round "6"]
[White "Rees, Ioan"]
[Black "Hariharan, Shambavi"]
[Result "1-0"]
[WhiteTitle "FM"]
[BlackTitle "WCM"]
[WhiteElo "2288"]
[BlackElo "1892"]
[WhiteFideId "1801236"]
[BlackFideId "488160"]
[EventDate "2025.05.27"]

1. Nf3 d5 2. g3 Nf6 3. Bg2 e6 4. O-O c5 5. d3 Be7 6. Nbd2 O-O 7. e4 b6 8. Re1
Bb7 9. Qe2 Re8 10. c3 Nbd7 11. e5 Ng4 12. h3 Nh6 13. g4 Kh8 14. Nf1 Ng8 15. Ng3
f6 16. d4 cxd4 17. cxd4 fxe5 18. dxe5 Rf8 19. Nd4 Bc5 20. Be3 Qe7 21. Rac1 Rac8
22. a3 Nxe5 23. Nxe6 Qxe6 24. Bxc5 Rxc5 25. Rxc5 Nf3+ 26. Bxf3 Qxe2 27. Rxe2
bxc5 28. Bg2 Ba8 29. Nf5 g6 30. Nd6 Nf6 31. Re7 Kg8 32. Rxa7 Rd8 33. g5 Nh5 34.
Rxa8 1-0

[Event "Titled Tue 27th May Late"]
[Site "chess.com INT"]
[Date "2025.05.27"]
[Round "6"]
[White "Deveci, Huseyin Said"]
[Black "May Sanchez, Andres Elias"]
[Result "0-1"]
[WhiteTitle "CM"]
[BlackTitle "CM"]
[WhiteElo "2212"]
[BlackElo "2209"]
[WhiteFideId "26322455"]
[BlackFideId "5150973"]
[EventDate "2025.05.27"]

1. c4 c5 2. Nc3 g6 3. g3 Bg7 4. Bg2 Nc6 5. d3 d6 6. e3 e5 7. Nge2 Nge7 8. O-O
O-O 9. h3 Rb8 10. Kh2 a6 11. a4 h6 12. f4 Kh7 13. Rb1 f5 14. b3 Be6 15. Bb2 d5
16. cxd5 Nxd5 17. fxe5 Nxe3 18. Qd2 Nxf1+ 19. Rxf1 Nxe5 20. Nf4 Bxb3 21. Ncd5
Qd6 22. Ba3 b5 23. d4 Nc4 24. dxc5 Nxd2 25. cxd6 Nxf1+ 26. Bxf1 Bc4 27. Bg2 Rfd8
28. a5 Be5 29. Ne6 Bxd5 30. Bxd5 Bxd6 31. Nxd8 Rxd8 32. Bxd6 Rxd6 0-1

[Event "Titled Tue 27th May Late"]
[Site "chess.com INT"]
[Date "2025.05.27"]
[Round "6"]
[White "Gutierrez Olivares, Daniel"]
[Black "Barria Zuniga, Daniel"]
[Result "0-1"]
[WhiteTitle "FM"]
[BlackTitle "IM"]
[WhiteElo "2354"]
[BlackElo "2341"]
[WhiteFideId "2264005"]
[BlackFideId "3400816"]
[EventDate "2025.05.27"]

1. Nf3 g6 2. g3 Bg7 3. Bg2 e5 4. d4 e4 5. Ng5 f5 6. h4 Nf6 7. c4 d6 8. Nc3 h6 9.
Nh3 Be6 10. Qb3 b6 11. f3 Nc6 12. d5 Na5 13. Qc2 exf3 14. exf3 Bf7 15. O-O O-O
16. Ne2 Re8 17. Nd4 Nh5 18. Ne6 Bxe6 19. dxe6 Nxg3 20. Nf4 Nxf1 21. Bxf1 Qxh4
22. Bd2 Bd4+ 23. Kg2 Be5 24. Nh3 0-1

[Event "Titled Tue 27th May Late"]
[Site "chess.com INT"]
[Date "2025.05.27"]
[Round "6"]
[White "Jagirapu, Harshin Reddy"]
[Black "Ghimoyan, Narek"]
[Result "0-1"]
[BlackTitle "CM"]
[WhiteElo "2042"]
[BlackElo "2273"]
[WhiteFideId "39910679"]
[BlackFideId "13315412"]
[EventDate "2025.05.27"]

1. Nf3 g6 2. g3 Bg7 3. Bg2 d6 4. d4 Bd7 5. O-O Qc8 6. e4 h5 7. Nc3 h4 8. Nxh4
Bh3 9. f4 Bxg2 10. Kxg2 c5 11. Be3 cxd4 12. Bxd4 Bxd4 13. Qxd4 Nf6 14. Nd5 Nbd7
15. c3 Kf8 16. f5 g5 17. Nf3 g4 18. Nd2 Ne5 19. Nxf6 exf6 20. Qxd6+ Kg7 21. Qd4
Rd8 22. Qe3 Rd3 23. Qe2 Qh8 24. Nc4 Qh3+ 25. Kh1 Nf3 26. Rf2 Rad8 27. e5 b5 28.
exf6+ Kg8 29. Nd6 R3xd6 30. Qe3 Rd1+ 0-1

[Event "Titled Tue 27th May Late"]
[Site "chess.com INT"]
[Date "2025.05.27"]
[Round "6"]
[White "Kushko, Dmitriy"]
[Black "Nguyen, Ngoc Truong Son"]
[Result "0-1"]
[WhiteTitle "IM"]
[BlackTitle "GM"]
[WhiteElo "2454"]
[BlackElo "2632"]
[WhiteFideId "14162261"]
[BlackFideId "12401110"]
[EventDate "2025.05.27"]

1. g3 d5 2. Bg2 Nf6 3. Nf3 e6 4. O-O Be7 5. b3 O-O 6. Bb2 c5 7. c4 Nc6 8. cxd5
Nxd5 9. d4 cxd4 10. Nxd4 Bd7 11. Na3 Nxd4 12. Qxd4 Bf6 13. Qd2 Bc6 14. Rfd1 Qe7
15. Nc4 Rfd8 16. Ne5 Be8 17. e4 Nb4 18. Qe2 Rac8 19. Rxd8 Qxd8 20. Rd1 Qa5 21.
Nc4 Qxa2 22. e5 Be7 23. Bxb7 Rb8 24. Be4 Qxb3 25. Nd6 Bc6 26. Re1 Bxe4 27. Nxe4
Nd3 0-1

[Event "Titled Tue 27th May Late"]
[Site "chess.com INT"]
[Date "2025.05.27"]
[Round "6"]
[White "Arabidze, Meri"]
[Black "Ferreira, Vitor Hugo Vieira"]
[Result "1-0"]
[WhiteTitle "IM"]
[WhiteElo "2440"]
[BlackElo "2128"]
[WhiteFideId "13604040"]
[BlackFideId "2119765"]
[EventDate "2025.05.27"]

1. b3 d5 2. Bb2 Nf6 3. e3 Bf5 4. Bd3 Bxd3 5. cxd3 e6 6. f4 c5 7. Nf3 Nc6 8. d4
Bd6 9. O-O O-O 10. dxc5 Bxc5 11. Nc3 d4 12. Na4 b6 13. Nxc5 bxc5 14. Rc1 Qa5 15.
a3 Rfd8 16. b4 cxb4 17. Rxc6 dxe3 18. Bxf6 gxf6 19. axb4 Qb5 20. Rc5 Qd3 21. Qb1
exd2 22. Qxd3 Rxd3 23. Rd1 Rb8 24. Rxd2 Rxd2 25. Nxd2 Rxb4 26. g3 Ra4 27. Kf2
Ra2 28. Ke3 f5 29. Rc3 Kg7 30. h3 Kg6 31. Nf3 f6 32. Nd4 e5 33. Nf3 e4 34. Nh4+
Kh5 35. Nxf5 Rh2 36. g4+ Kg6 37. Rc7 Rxh3+ 38. Kxe4 h5 39. Rg7# 1-0

[Event "Titled Tue 27th May Late"]
[Site "chess.com INT"]
[Date "2025.05.27"]
[Round "6"]
[White "Gustafsson, Jan"]
[Black "Erece, Ece Alkim"]
[Result "1-0"]
[WhiteTitle "GM"]
[BlackTitle "WCM"]
[WhiteElo "2591"]
[BlackElo "1843"]
[WhiteFideId "4625498"]
[BlackFideId "6346006"]
[EventDate "2025.05.27"]

1. d4 Nf6 2. c4 c5 3. Nf3 g6 4. Nc3 cxd4 5. Nxd4 Bg7 6. e4 O-O 7. Be2 Nc6 8. Nc2
d6 9. O-O a6 10. Bd2 Be6 11. Rc1 Rc8 12. b3 h5 13. f3 h4 14. Qe1 h3 15. g4 Re8
16. Qh4 b5 17. cxb5 axb5 18. Qxh3 b4 19. Na4 Nd7 20. Nxb4 Nd4 21. Qg2 Rxc1 22.
Rxc1 Qa8 23. Be3 Bxb3 24. axb3 Nxb3 25. Bb5 Rb8 26. Bxd7 Rxb4 27. Rc8+ Qxc8 28.
Bxc8 Rxa4 29. Qc2 Nc5 30. Bxc5 dxc5 31. Qxa4 Bd4+ 32. Kg2 1-0

[Event "Titled Tue 27th May Late"]
[Site "chess.com INT"]
[Date "2025.05.27"]
[Round "6"]
[White "Brozynski, Patryk"]
[Black "Bahmani, Koorosh"]
[Result "1-0"]
[WhiteTitle "CM"]
[BlackTitle "CM"]
[WhiteElo "2219"]
[BlackElo "2208"]
[WhiteFideId "2512700"]
[BlackFideId "42576750"]
[EventDate "2025.05.27"]

1. Nf3 d5 2. e3 Nf6 3. b3 c5 4. Bb2 Nc6 5. Be2 e6 6. d4 Bd6 7. O-O O-O 8. Nbd2
Qe7 9. Rc1 e5 10. dxe5 Nxe5 11. c4 Nxf3+ 12. Bxf3 Be6 13. Bxf6 Qxf6 14. Bxd5
Bxd5 15. cxd5 Qe5 16. Nf3 Qe7 17. Qd3 Rad8 18. Rfe1 a6 19. e4 f6 20. a4 Rb8 21.
g3 b5 22. axb5 axb5 23. Ra1 Rfc8 24. Rec1 Qc7 25. Ra6 c4 26. bxc4 bxc4 27. Qc2
c3 28. Rc6 Qb7 29. Qxc3 Rxc6 30. Qxc6 Qxc6 31. Rxc6 Rb1+ 32. Kg2 Bf8 33. Nd4 Rd1
34. Nf5 g6 35. Ne3 Rd2 36. Rc7 Bd6 37. Rc8+ Kf7 38. Nc4 1-0

[Event "Titled Tue 27th May Late"]
[Site "chess.com INT"]
[Date "2025.05.27"]
[Round "6"]
[White "Bendayan Claros, Aaron"]
[Black "Goryachkina, Aleksandra"]
[Result "0-1"]
[WhiteTitle "CM"]
[BlackTitle "GM"]
[WhiteElo "2224"]
[BlackElo "2544"]
[WhiteFideId "3803392"]
[BlackFideId "4147103"]
[EventDate "2025.05.27"]

1. d4 d5 2. Nf3 e6 3. e3 Nf6 4. Bd3 Be7 5. b3 O-O 6. Nbd2 b6 7. Bb2 Ba6 8. O-O
Bxd3 9. cxd3 Nbd7 10. Rc1 c5 11. e4 Rc8 12. Qe2 h6 13. h3 Re8 14. Ne5 dxe4 15.
dxe4 Nxe5 16. dxe5 Nd7 17. Nc4 Qc7 18. Rcd1 Qc6 19. Nd6 Bxd6 20. Rxd6 Qc7 21.
Rfd1 Nf8 22. Qc4 Qb7 23. Qb5 Qxe4 24. Qa6 Ng6 25. Qxa7 Nh4 26. f3 Qg6 27. R6d2
Nxf3+ 28. Kh1 Nxd2 29. Rxd2 Rcd8 30. Rd7 Qb1+ 31. Kh2 Qxb2 0-1

[Event "Titled Tue 27th May Late"]
[Site "chess.com INT"]
[Date "2025.05.27"]
[Round "6"]
[White "Fernandes, Rogerio Paulo Muller"]
[Black "Topuz, Mirac Melih"]
[Result "0-1"]
[BlackTitle "CM"]
[WhiteElo "2241"]
[BlackElo "2130"]
[WhiteFideId "2101599"]
[BlackFideId "26364611"]
[EventDate "2025.05.27"]

1. c4 e5 2. g3 h5 3. Bg2 h4 4. Nc3 Nc6 5. d3 d6 6. Rb1 a5 7. a3 Be7 8. b4 axb4
9. axb4 h3 10. Bf3 g5 11. b5 Nd4 12. e3 Nxf3+ 13. Qxf3 Nf6 14. Qe2 d5 15. f3 Be6
16. cxd5 Nxd5 17. Nxd5 Qxd5 18. e4 Qd7 19. Bb2 f6 20. Bc3 Ra2 21. Rb2 Rxb2 22.
Qxb2 Qxd3 23. Ne2 Qxf3 24. Rf1 Qxe4 25. b6 c6 26. Kd2 O-O 27. Kc1 Ra8 28. Qc2
Ba3+ 29. Kd2 Rd8+ 30. Ke1 Qxc2 0-1

[Event "Titled Tue 27th May Late"]
[Site "chess.com INT"]
[Date "2025.05.27"]
[Round "6"]
[White "Moiseenko, Alexander"]
[Black "Amarasinghe, A A C B"]
[Result "1-0"]
[WhiteTitle "GM"]
[BlackTitle "CM"]
[WhiteElo "2568"]
[BlackElo "1949"]
[WhiteFideId "14102560"]
[BlackFideId "9901809"]
[EventDate "2025.05.27"]

1. d4 Nf6 2. Bg5 e6 3. e4 h6 4. Bxf6 Qxf6 5. c3 d6 6. Bd3 g6 7. Ne2 Bg7 8. O-O
Nc6 9. f4 Bd7 10. Nd2 Qe7 11. e5 dxe5 12. fxe5 O-O 13. Ne4 f5 14. exf6 Bxf6 15.
Nxf6+ Rxf6 16. Qd2 Kg7 17. Rxf6 Qxf6 18. Rf1 Qg5 19. Qxg5 hxg5 20. Ng3 e5 21. d5
Ne7 22. c4 Rf8 23. Rxf8 Kxf8 24. Ne4 Bf5 25. Kf2 b5 26. Ke3 bxc4 27. Bxc4 c6 28.
dxc6 Nxc6 29. Nxg5 Ke7 30. h4 Nd4 31. Nf3 Nc2+ 32. Kd2 Kd6 33. a3 Kc5 34. Bd3 e4
35. Bxc2 exf3 36. gxf3 Bxc2 37. Kxc2 1-0